000 00387nam a2200133Ia 4500
008 221030s9999 xx 000 0 und d
041 _aEnglish
100 _aCDM - Colege of Defence Management
245 0 _aOrganisational Effectiveness
_cby CDM - Colege of Defence Management
260 _bDefence Management
_aSecunderabad
_c1995
300 _a42
650 _aManagement
942 _cBK
999 _c18445
_d18445